00397nam a22001337a 4500003000500000038001500005082001000020100001900030245009300049260003700142300003200179500001500211600003700226NUST aMr. Zahoor a621.3 aAhsan Ali Khan a3D Localization of Target Using 2D Radar and Mechanized Optical sensor /cAhsan Ali Khan aIslamabad :bCEME - NUST,c2014. axiv, 52 p. : ill. ;c30 cm. aHardcover. 2Computer Engineering - MS Thesis